| 000 | 00567cam a22002053a 4500 | ||
|---|---|---|---|
| 001 | 43244 | ||
| 003 | PGUSA | ||
| 005 | 20140828084001.0 | ||
| 008 | 130718s2013||||xxu|||||s|||||000 | eng d | ||
| 040 |
_aPGUSA _beng |
||
| 042 | _adc | ||
| 100 | 1 | _aServi, Flaminio | |
| 245 | 1 | 0 |
_aDante e gli Ebrei : _bStudio _h[electronic resource] / _cFlaminio Servi |
| 260 |
_bProject Gutenberg, _c2013 |
||
| 506 | _aPublic domain in the USA. | ||
| 516 | _aElectronic text | ||
| 830 | 0 |
_aProject Gutenberg _v43244 |
|
| 856 | 4 | 0 | _uhttp://www.gutenberg.org/ebooks/43244 |
| 942 | _cEB | ||
| 999 |
_c272495 _d272495 |
||